In which country does the movie take place: Disney - Statistics

General Stats
  • This quiz has been taken 116 times
  • The average score is 15 of 20
Answer Stats
Movie Country % Correct
Mulan China
94%
Hercules Greece
87%
Lilo and Stitch United States
86%
Pocahontas United States
85%
Frozen Norway
83%
Bolt United States
82%
Beauty and the Beast France
80%
One Hundred and One Dalmatians United Kingdom
80%
Winnie The Pooh United Kingdom
76%
Lady and the Tramp United States
76%
Dumbo United States
76%
Bambi United States
74%
The Jungle Book India
72%
Pinoccio Italy
72%
Tangled Germany
71%
Cinderella France
69%
The Aristocats France
67%
Snow White and the Seven Dwarfs Germany
66%
Sleeping Beauty France
60%
The Emperor's New Groove Peru
56%
No matching quizzes found
Score Distribution
Percent of People with Each Score
Percentile by Number Answered
Your Score History
You have not taken this quiz